Statistics for Bordeaux Best Scorer By Year

Click here to take the quiz!

General Stats

  • This quiz has been taken 85 times
    (67 since last reset)
  • The average score is 11 of 50

Answer Stats

Player% Correct
Fernando Cavenaghi
71%
Marouane Chamakh
69%
Cheick Diabaté
66%
Hwang Ui-jo
64%
Zinédine Zidane
64%
Malcom
60%
Jimmy Briand
57%
Alain Giresse
55%
Diego Rolán
55%
Pauleta
53%
Jean-Claude Darcheville
48%
Lilian Laslandes
48%
Sylvain Wiltord
47%
Wendel Geraldo
47%
François Kamano
40%
Yoan Gouffran
40%
Jean-Pierre Papin
34%
Anthony Modeste
29%
Henri Saivet
22%
Bernard Lacombe
21%
Klaus Allofs
10%
Anthony Bancarel
7%
Jean Gallice
7%
Jean-Marc Ferreri
7%
Juan Pablo Francia
5%
Aimé Gori
3%
Clive Allen
3%
Didier Couécou
3%
Édouard Kargu
3%
Laurent Robuschi
3%
Philippe Fargeon
3%
Piet den Boer
3%
Richard Witschge
3%
Stéphane Paille
3%
Uwe Reinders
3%
Abdesselem Ben Mohammed
2%
Albert Gemmrich
2%
Bent Jensen
2%
Bertus de Harder
2%
Claude Petyt
2%
Félix Burdino
2%
Héctor De Bourgoing
2%
Henri Baillot
2%
Jacky Simon
2%
Jacky Vergnes
2%
Jean-Pierre Tokoto
2%
Moca Vukotić
2%
Patrick Vervoort
2%
Santiago Bessonnart
2%
Valdeir
2%

Score Distribution

Percentile by Number Answered

Percent of People with Each Score

Your Score History

You have not taken this quiz since the last reset